Szegedi alkotóműhelyekről
Elmentve itt :
| Szerző: | |
|---|---|
| Dokumentumtípus: | Cikk |
| Megjelent: |
1974-06-28
|
| Sorozat: | Délmagyarország
64 No. 149 |
| Kulcsszavak: | rádió |
| Online Access: | http://dmarchiv.bibl.u-szeged.hu/115255 |
| LEADER | 00444nab a2200157 i 4500 | ||
|---|---|---|---|
| 001 | delm115255 | ||
| 005 | 20190412132908.0 | ||
| 008 | 190412s1974 hu o 0|| hun d | ||
| 040 | |a SZTE Délmagyarország Archívum |b hun | ||
| 041 | |a hun | ||
| 100 | 1 | |a Ladányi Zsuzsa | |
| 245 | 1 | 0 | |a Szegedi alkotóműhelyekről |h [elektronikus dokumentum] / |c Ladányi Zsuzsa |
| 260 | |c 1974-06-28 | ||
| 300 | |a 6 | ||
| 490 | 0 | |a Délmagyarország |v 64 No. 149 | |
| 695 | |a rádió | ||